| 000 | 00478nam a2200181Ia 4500 | ||
|---|---|---|---|
| 005 | 20250603145734.0 | ||
| 008 | 250603s9999 xx 000 0 und d | ||
| 020 | _a9781032559100 | ||
| 050 | _aTK 5105.5833 .S64/ | ||
| 100 | _aEdited by Mandeep Kaur, Vishal Jain, Parma Nand and Nitin Rakesh. | ||
| 245 | 0 | _aSoftware defined network frameworks | |
| 260 | _aBoca Raton | ||
| 260 | _bCRC Press | ||
| 260 | _c2024 | ||
| 300 | _a310 p | ||
| 650 | _aBoca Raton | ||
| 942 | _cBK | ||
| 999 |
_c42711 _d42711 |
||